| Tag |
First Indicator |
Second Indicator |
Subfields |
| LEADER |
00000cam a2200000 a 4500 |
| 001 |
in00000026185 |
| 005 |
20151007055836.0 |
| 008 |
860512s1986 couab b 00100 eng d |
| 010 |
|
|
|a 85063270
|
| 020 |
|
|
|a 0960369236
|
| 035 |
|
|
|a (OCoLC)13556730
|
| 035 |
|
|
|9 AAB9408AM
|
| 040 |
|
|
|a AFM
|c AFM
|d UDI
|d m/c
|d TXA
|d UtOrBLW
|
| 049 |
|
|
|a TXAM
|c [A11490396]
|
| 050 |
|
4 |
|a SF85
|b .R32 1986
|
| 245 |
0 |
0 |
|a Range research :
|b basic problems and techniques /
|c edited by C. Wayne Cook and James Stubbendieck.
|
| 264 |
|
1 |
|a Denver, Colo. : Society for Range Management,
|b [publisher not identified] ;
|c [1986]
|
| 264 |
|
4 |
|c ©1986
|
| 300 |
|
|
|a xv, 317 pages :
|b illustrations, 1 map. ;
|c 24 cm.
|
| 336 |
|
|
|a text
|b txt
|2 rdacontent
|
| 337 |
|
|
|a unmediated
|b n
|2 rdamedia
|
| 338 |
|
|
|a volume
|b nc
|2 rdacarrier
|
| 500 |
|
|
|a Revised edition of: Basic problems and techniques in range research. 1962.
|
| 504 |
|
|
|a Includes bibliographical references and index.
|
| 650 |
|
0 |
|a Range management.
|
| 700 |
1 |
|
|a Cook, C. Wayne.
|
| 700 |
1 |
|
|a Stubbendieck, James L.
|
| 710 |
2 |
|
|a Society for Range Management.
|
| 740 |
0 |
|
|a Basic problems and techniques in range research.
|
| 999 |
|
|
|a MARS
|
| 999 |
f |
f |
|s 122dd29d-f3b8-3bf3-91a6-acfd3085c28f
|i 27aa63a1-c40b-3118-8662-89c9e3d97fc7
|t 0
|
| 952 |
f |
f |
|p ric
|a Texas A&M University
|b Rellis Campus
|c Joint Library Facility
|s JLF
|d Remote Storage
|t 0
|e SF85 .R36 1986
|h Library of Congress classification
|i unmediated -- volume
|m A14811490396
|
| 998 |
f |
f |
|a SF85 .R36 1986
|t 0
|l Remote Storage
|